Football: les adversaires Français de la Juventus en Coupes d'Europe - Statistiques

Statistiques générales
  • Ce quiz a été pris 295 fois
  • Le résultat moyen est 6 sur 6
Statistiques - réponses
Réponse % Correct
Paris SG
100%
Olympique Lyonnais
98%
AS Monaco
95%
FC Nantes
95%
Olympique de Marseille
94%
Girondins de Bordeaux
89%
Aucun quiz correspondant
Distribution des résultats
% des personnes avec chaque résultat
Percentile par nombre de réponses
Votre historique - résultats
Vous n’avez pas pris ce quiz